Guess the European City by Picture #2 - Statistics

General Stats
  • This quiz has been taken 45 times
  • The average score is 9 of 16
Answer Stats
Picture Hint Answer % Correct
Netherlands Amsterdam
90%
Spain Madrid
80%
Bulgaria Sofia
75%
Austria Vienna
75%
Finland Helsinki
70%
Norway Oslo
70%
Portugal Porto
58%
Spain Seville
58%
Lithuania Vilnius
55%
Switzerland Zurich
55%
Germany Hamburg
53%
West Europe Monaco
50%
United Kingdom Edinburgh
45%
Sweden Malmo
40%
United Kingdom Glasgow
28%
Denmark Archus/Aarchus
0%
No matching quizzes found
Score Distribution
Percent of People with Each Score
Percentile by Number Answered
Your Score History
You have not taken this quiz